[Event "XXIII Festival Conca della Presolana A"]
[Site "Bratto - Castione della Presolana ITA"]
[Date "2003.08.25"]
[Round "5"]
[White "Orsi, Massimiliano"]
[Black "Danieli, Enrico"]
[Result "1-0"]
[WhiteElo "2046"]
[BlackElo "2120"]
[PlyCount "109"]
[EventDate "2003.08.21"]

1.e4 d5 2.exd5 Nf6 3.d4 Nxd5 4.c4 Nb6 5.Nf3 g6 6.Ne5 Bg7 7.Bf4 O-O 8.Be2 
Na6 9.Na3 c5 10.d5 Nd7 11.Nd3 Nb4 12.O-O Nxd3 13.Qxd3 Bxb2 14.Rab1 Be5 15.
Bxe5 Nxe5 16.Qe3 Nd7 17.Bf3 a6 18.Rfd1 Re8 19.Rb3 Ra7 20.Nb1 b6 21.Nc3 Bb7
22.Ne4 Qb8 23.Qh6 Qe5 24.Ng5 Qg7 25.Qh3 Bc8 26.Qg3 h6 27.Ne4 Ne5 28.Rxb6 
Nxc4 29.Rb8 Qe5 30.Qxe5 Nxe5 31.Nxc5 Nxf3+ 32.gxf3 Rc7 33.Nxa6 Ra7 34.Rc1 
Rxa6 35.Rcxc8 Rxc8 36.Rxc8+ Kg7 37.Rc2 Rd6 38.Rc5 Ra6 39.Rc2 Rd6 40.Rc5 
Kf6 41.Kg2 Ra6 42.Rc6+ Rxc6 43.dxc6 Ke6 44.f4 Kd6 45.Kf3 Kxc6 46.Ke4 Kd6 
47.f5 g5 48.a3 h5 49.f6 e6 50.Kd4 h4 51.Ke4 Kc5 52.Ke5 Kb5 53.Kd6 g4 54.
Ke5 g3 55.fxg3 1-0

[Event "XXIII Festival Conca della Presolana A"]
[Site "Bratto - Castione della Presolana ITA"]
[Date "2003.08.25"]
[Round "5"]
[White "Paoli, Enrico"]
[Black "Agnelli, Francesco"]
[Result "0-1"]
[WhiteElo "1950"]
[BlackElo "2102"]
[PlyCount "77"]
[EventDate "2003.08.21"]

1.e4 c5 2.Nf3 Nc6 3.c3 Nf6 4.d3 d6 5.Be2 g6 6.Nbd2 Bg7 7.Nf1 O-O 8.Ne3 Nh5
9.Nf1 b5 10.Ng5 Nf6 11.h4 h6 12.Nh3 b4 13.g4 bxc3 14.bxc3 Nxg4 15.Bd2 h5 
16.Ne3 Nce5 17.Ng2 Ba6 18.c4 Bc8 19.Rb1 Bd7 20.Nhf4 Nc6 21.Bxg4 Bxg4 22.f3
Bd7 23.O-O Nd4 24.Ne2 Rb8 25.Nxd4 Bxd4+ 26.Kh2 Qc7 27.f4 Rxb1 28.Qxb1 Rb8 
29.Qe1 Rb2 30.Bc3 Rxa2 31.Bxd4 cxd4 32.Rf2 Ra3 33.Rd2 Qa5 34.Rd1 Qa4 35.f5
Ra2 36.fxg6 fxg6 37.Qg3 Bg4 38.Rb1 Qe8 39.e5 0-1

[Event "XXIII Festival Conca della Presolana A"]
[Site "Bratto - Castione della Presolana ITA"]
[Date "2003.08.25"]
[Round "5"]
[White "Passoni, Carlo"]
[Black "Drazic, Sinisa"]
[Result "0-1"]
[WhiteElo "2246"]
[BlackElo "2463"]
[PlyCount "160"]
[EventDate "2003.08.21"]

1.e4 c5 2.Nf3 e6 3.d4 a6 4.c3 d5 5.e5 Bd7 6.dxc5 Bxc5 7.Bd3 Nc6 8.O-O Nge7
9.Nbd2 Ng6 10.Nb3 Bb6 11.Re1 Qb8 12.Bxg6 fxg6 13.Be3 Bxe3 14.Rxe3 O-O 15.
Nbd4 Ne7 16.Qb3 h6 17.Qb6 Nc8 18.Qb3 Qc7 19.Qc2 Ne7 20.Nh4 g5 21.Ng6 Rf7 
22.Nxe7+ Rxe7 23.Rae1 Rf8 24.Rf3 Rxf3 25.Nxf3 Be8 26.Nd4 Bh5 27.h3 Qc8 28.
Qb3 Qc7 29.Qb4 Re8 30.Qd6 Qxd6 31.exd6 Bf7 32.d7 Rd8 33.Nxe6 Rxd7 34.Nd4 
Kf8 35.f3 Rd6 36.Kf2 h5 37.Re5 Rg6 38.g4 hxg4 39.hxg4 a5 40.a4 Rh6 41.Kg2 
Rg6 42.b3 Bg8 43.Kf2 Bf7 44.Ke3 Bg8 45.Nb5 Bf7 46.Kd4 Rf6 47.Rf5 Rxf5 48.
gxf5 Bh5 49.Ke3 Ke7 50.Nc7 Bf7 51.Nb5 Kd7 52.Kd4 Bh5 53.Ke3 Ke7 54.Nc7 Bf7
55.Nb5 Be8 56.Nc7 Bc6 57.Ne6 Kf6 58.Nd8 d4+ 59.Kxd4 Bxf3 60.Ne6 g4 61.Ke3 
Bd5 62.Nd4 Ke5 63.b4 Be4 64.Ne6 Bxf5 65.Nxg7 Bg6 66.bxa5 Bf7 67.a6 bxa6 
68.a5 Bg6 69.c4 Bf7 70.c5 Bd5 71.Nh5 Bc6 72.Kd3 Be8 73.Ng7 g3 74.Ke3 Bc6 
75.Nh5 g2 76.Kf2 Kd4 77.Nf4 Kxc5 78.Ne2 Kb4 79.Ke3 Kxa5 80.Kd4 Kb4 0-1

[Event "XXIII Festival Conca della Presolana A"]
[Site "Bratto - Castione della Presolana ITA"]
[Date "2003.08.25"]
[Round "5"]
[White "Pedemonte, Claudio"]
[Black "Pagnoncelli, Marco"]
[Result "0-1"]
[WhiteElo "1974"]
[BlackElo "2116"]
[PlyCount "68"]
[EventDate "2003.08.21"]

1.c4 Nf6 2.Nc3 g6 3.g3 Bg7 4.Bg2 O-O 5.e4 d6 6.Nge2 e5 7.O-O Nc6 8.d3 h6 
9.h3 Kh7 10.Be3 Ng8 11.f4 exf4 12.Nxf4 Nd4 13.Qd2 Ne7 14.b4 c6 15.Rab1 Bd7
16.Nfe2 Nxe2+ 17.Nxe2 f5 18.a4 d5 19.b5 fxe4 20.bxc6 Rxf1+ 21.Rxf1 Bxc6 
22.Rf7 Qe8 23.Rf4 exd3 24.Qxd3 dxc4 25.Rxc4 Bxg2 26.Kxg2 Nf5 27.Bf4 Rd8 
28.Qf3 b5 29.axb5 Qxb5 30.Rc7 Rd7 31.Nc3 Qb2+ 32.Ne2 Rxc7 33.Bxc7 Nd4 34.
Be5 Bxe5 0-1

[Event "XXIII Festival Conca della Presolana A"]
[Site "Bratto - Castione della Presolana ITA"]
[Date "2003.08.25"]
[Round "5"]
[White "Pegoraro, Nicola"]
[Black "Muscolino, Attilio"]
[Result "1/2-1/2"]
[WhiteElo "2061"]
[BlackElo "2155"]
[PlyCount "45"]
[EventDate "2003.08.21"]

1.e4 c5 2.Nf3 e6 3.d4 cxd4 4.Nxd4 Nf6 5.Nc3 d6 6.Be2 Be7 7.O-O O-O 8.Kh1 
a6 9.f4 Qc7 10.Bf3 Nc6 11.Nxc6 bxc6 12.Qe1 d5 13.e5 Nd7 14.Qg3 f5 15.exf6 
Nxf6 16.Bd2 Rb8 17.b3 Bd6 18.Rae1 Re8 19.Ne2 c5 20.Qh4 Be7 21.Qg3 Bd6 22.
Qh4 Be7 23.Qg3 1/2-1/2

[Event "XXIII Festival Conca della Presolana A"]
[Site "Bratto - Castione della Presolana ITA"]
[Date "2003.08.25"]
[Round "5"]
[White "Piantoni, Roberto"]
[Black "Rigamonti, Stefano"]
[Result "1-0"]
[WhiteElo "2157"]
[BlackElo "1905"]
[PlyCount "127"]
[EventDate "2003.08.21"]

1.d4 d5 2.Nf3 e6 3.g3 Nf6 4.Bg2 Nbd7 5.O-O Be7 6.c4 c6 7.b3 Ne4 8.Bb2 O-O 
9.Qc2 Ndf6 10.Ne5 h6 11.e3 Bd7 12.f3 Nd6 13.Nd2 Nf5 14.Rfe1 c5 15.Bh3 Rc8 
16.Qd3 cxd4 17.exd4 Bb4 18.a3 Bxd2 19.Qxd2 Qb6 20.Qb4 Qxb4 21.axb4 dxc4 
22.bxc4 Nd6 23.c5 Nb5 24.Nxd7 Nxd7 25.d5 f5 26.dxe6 Nb8 27.e7 Rfe8 28.Bxf5
Rc7 29.Be6+ Kh7 30.Bc4 a6 31.Bd3+ Kg8 32.Bc4+ Kh7 33.Bxb5 axb5 34.Ra8 Rcc8
35.Kf2 Kg8 36.Be5 Nc6 37.Rxc8 Rxc8 38.Bxg7 Kf7 39.Bxh6 Nxb4 40.Rb1 Nd3+ 
41.Ke3 Nxc5 42.Bf8 Ne6 43.Rxb5 Rc3+ 44.Kf2 Rxf3+ 45.Kg2 Rc3 46.Rxb7 Nc7 
47.h4 Ne8 48.Rb2 Re3 49.h5 Re5 50.Rf2+ Kg8 51.g4 Nd6 52.Kh3 Re3+ 53.Kh4 
Re1 54.h6 Ne4 55.Rh2 Nf6 56.Kh3 Re3+ 57.Kg2 Nxg4 58.h7+ Kh8 59.Bg7+ Kxg7 
60.h8=Q+ Kg6 61.e8=Q+ Kf5 62.Qhf8+ Nf6 63.Qxf6+ Kxf6 64.Qxe3 1-0

[Event "XXIII Festival Conca della Presolana A"]
[Site "Bratto - Castione della Presolana ITA"]
[Date "2003.08.25"]
[Round "5"]
[White "Qendro, Llambi"]
[Black "Costantini, Roberto"]
[Result "1-0"]
[WhiteElo "2370"]
[BlackElo "2334"]
[PlyCount "67"]
[EventDate "2003.08.21"]

1.d4 d5 2.c4 e6 3.Nc3 c6 4.e4 Bb4 5.Bd3 dxe4 6.Bxe4 Nf6 7.Bc2 c5 8.a3 
Bxc3+ 9.bxc3 Qc7 10.Qe2 O-O 11.Nf3 b6 12.Bg5 Nbd7 13.O-O Ba6 14.Bd3 Rfe8 
15.Ne5 Rac8 16.Rac1 Bb7 17.Rfe1 Nf8 18.h4 N6d7 19.Bf4 cxd4 20.cxd4 Nxe5 
21.Bxe5 Qe7 22.Qg4 f6 23.Bf4 Qxa3 24.Qg3 Qe7 25.Bd6 Qf7 26.Ra1 Ba8 27.Ra3 
Red8 28.Rea1 Rd7 29.c5 bxc5 30.Bxc5 Rcc7 31.Bb5 Rd8 32.h5 Rxc5 33.dxc5 
Qxh5 34.Rxa7 1-0

[Event "XXIII Festival Conca della Presolana A"]
[Site "Bratto - Castione della Presolana ITA"]
[Date "2003.08.25"]
[Round "5"]
[White "Radice, Luca"]
[Black "Castelfranchi, Carlo"]
[Result "1/2-1/2"]
[WhiteElo "2092"]
[BlackElo "2165"]
[PlyCount "63"]
[EventDate "2003.08.21"]

1.d4 Nf6 2.c4 g6 3.Nc3 d5 4.cxd5 Nxd5 5.e4 Nxc3 6.bxc3 Bg7 7.Bc4 c5 8.Be3 
O-O 9.Ne2 Nc6 10.Rc1 cxd4 11.cxd4 Qa5+ 12.Kf1 Rd8 13.h4 Qa3 14.d5 Bb2 15.
h5 Bg4 16.hxg6 hxg6 17.Rb1 Bg7 18.Qd2 Na5 19.Bb3 Bxe2+ 20.Qxe2 Rac8 21.g3 
Nxb3 22.Rxb3 Qa4 23.Bh6 Bxh6 24.Rxh6 Qc4 25.Qxc4 Rxc4 26.Rh4 b6 27.Ra3 a5 
28.Rb3 g5 29.Rh5 f6 30.e5 Rxd5 31.exf6 exf6 32.Rxb6 1/2-1/2

[Event "XXIII Festival Conca della Presolana A"]
[Site "Bratto - Castione della Presolana ITA"]
[Date "2003.08.25"]
[Round "5"]
[White "Ranieri, Fabrizio"]
[Black "Lapiccirella, Daniele"]
[Result "1-0"]
[WhiteElo "2170"]
[BlackElo "2087"]
[PlyCount "49"]
[EventDate "2003.08.21"]

1.e4 c5 2.Nf3 e6 3.d4 cxd4 4.Nxd4 Nc6 5.Nc3 a6 6.Be2 Qc7 7.O-O Nf6 8.Nxc6 
bxc6 9.Kh1 d5 10.Bg5 Be7 11.f4 Nxe4 12.Nxe4 dxe4 13.Qd4 O-O 14.Bxe7 Qxe7 
15.Qxe4 Bb7 16.Bd3 g6 17.f5 c5 18.f6 Bxe4 19.fxe7 Bxg2+ 20.Kxg2 Rfe8 21.
Rad1 Rxe7 22.Be4 Rb8 23.b3 Rb6 24.Rd8+ Kg7 25.Rfd1 1-0

[Event "XXIII Festival Conca della Presolana A"]
[Site "Bratto - Castione della Presolana ITA"]
[Date "2003.08.25"]
[Round "5"]
[White "Ricci, Alfredo"]
[Black "Del Dotto, Riccardo"]
[Result "0-1"]
[WhiteElo "2037"]
[BlackElo "2151"]
[PlyCount "64"]
[EventDate "2003.08.21"]

1.e4 e5 2.Nf3 Nf6 3.Nc3 Bb4 4.a3 Bxc3 5.dxc3 d6 6.Bc4 h6 7.h3 Qe7 8.Qd3 
Nbd7 9.b4 Nb6 10.Bb3 d5 11.Nd2 c6 12.c4 Be6 13.c5 Nbd7 14.Bb2 O-O 15.O-O-O
dxe4 16.Nxe4 Nxe4 17.Bxe6 Nxf2 18.Qxd7 Qxe6 19.Qxb7 Nxh1 20.Rxh1 a5 21.Re1
axb4 22.Qxb4 Rfb8 23.Qc3 f6 24.g4 Rb5 25.Re4 Qd5 26.Rc4 Qh1+ 27.Kd2 Rd8+ 
28.Ke2 Qg2+ 29.Ke1 Qg1+ 30.Ke2 Rd1 31.Rb4 Qf1+ 32.Ke3 Re1+ 0-1

[Event "XXIII Festival Conca della Presolana A"]
[Site "Bratto - Castione della Presolana ITA"]
[Date "2003.08.25"]
[Round "5"]
[White "Rombaldoni, Andrea"]
[Black "Khenkin, Igor"]
[Result "0-1"]
[WhiteElo "2259"]
[BlackElo "2638"]
[PlyCount "60"]
[EventDate "2003.08.21"]

1.e4 c5 2.b4 cxb4 3.a3 e6 4.axb4 Bxb4 5.c3 Be7 6.d4 d6 7.Bd3 Nf6 8.Ne2 O-O
9.O-O Bd7 10.Nd2 b5 11.f4 Bc6 12.Rf3 Nbd7 13.Rh3 g6 14.Qf1 d5 15.e5 Ne4 
16.Nf3 f5 17.exf6 Bxf6 18.g4 Rf7 19.Qg2 a5 20.g5 Bg7 21.Qg4 Nf8 22.Rb1 Rb8
23.Ne5 Bxe5 24.dxe5 b4 25.cxb4 Rxb4 26.Be3 Rxb1+ 27.Bxb1 Qb8 28.Bc2 a4 29.
Nd4 Ba8 30.Bc1 Qb4 0-1

[Event "XXIII Festival Conca della Presolana A"]
[Site "Bratto - Castione della Presolana ITA"]
[Date "2003.08.25"]
[Round "5"]
[White "Rosin, Federico"]
[Black "Affinito, Pancrazio"]
[Result "1-0"]
[WhiteElo "2117"]
[BlackElo "2080"]
[PlyCount "79"]
[EventDate "2003.08.21"]

1.e4 c5 2.Nf3 Nc6 3.d4 cxd4 4.Nxd4 g6 5.c4 Bg7 6.Be3 Nf6 7.Nc3 d6 8.Be2 
O-O 9.O-O Bd7 10.Rc1 Nxd4 11.Bxd4 Bc6 12.f3 Nd7 13.Kh1 a5 14.Nd5 a4 15.f4 
Bxd4 16.Qxd4 Bxd5 17.cxd5 Qa5 18.h4 Rac8 19.h5 Nf6 20.hxg6 hxg6 21.Bf3 
Rfd8 22.Rxc8 Rxc8 23.e5 Ne8 24.Be4 f5 25.exf6 Nxf6 26.Bxg6 Qxd5 27.Qe3 Nh5
28.Rf3 Qd1+ 29.Kh2 Rc1 30.Bxh5 Qh1+ 31.Kg3 Re1 32.Qd2 Rd1 33.Qe2 Re1 34.
Qc4+ e6 35.Qc8+ Kg7 36.Qe8 Re2 37.Qf7+ Kh8 38.Qf6+ Kh7 39.Bg6+ Kg8 40.Qf7+
1-0

[Event "XXIII Festival Conca della Presolana A"]
[Site "Bratto - Castione della Presolana ITA"]
[Date "2003.08.25"]
[Round "5"]
[White "Salami, Marco"]
[Black "Marta, Daniele"]
[Result "0-1"]
[WhiteElo "2177"]
[BlackElo "2118"]
[PlyCount "98"]
[EventDate "2003.08.21"]

1.e4 e6 2.d4 d5 3.Nc3 Bb4 4.Ne2 Nf6 5.e5 Ne4 6.a3 Nxc3 7.Nxc3 Bxc3+ 8.bxc3
c5 9.Qg4 Kf8 10.Bd3 b6 11.O-O Ba6 12.Bxa6 Nxa6 13.a4 Rc8 14.Ba3 Kg8 15.f4 
h5 16.Qe2 Nb8 17.f5 Qg5 18.dxc5 bxc5 19.Rab1 exf5 20.Qd3 d4 21.Bxc5 dxc3 
22.Bxa7 Nc6 23.Be3 Qg4 24.Qd7 f4 25.Qxg4 hxg4 26.Rxf4 Nxe5 27.Bd4 Rh5 28.
Rb3 Nd3 29.Rxg4 Nc1 30.Ra3 Rf5 31.Re4 Rc4 32.Rxc3 Rxd4 33.Re8+ Kh7 34.h3 
Rd2 35.Rc4 Ne2+ 36.Kh2 Nf4 37.Kg3 Rxg2+ 38.Kf3 Rg1 39.Ke4 Rf6 40.Rec8 Nxh3
41.a5 Rf4+ 42.Kd5 Rg5+ 43.Kd6 Rxa5 44.R4c7 Ng5 45.Rc6 Rf6+ 46.Ke7 Rxc6 47.
Rxc6 Re5+ 48.Kd7 Ne4 49.c4 Rc5 0-1

[Event "XXIII Festival Conca della Presolana A"]
[Site "Bratto - Castione della Presolana ITA"]
[Date "2003.08.25"]
[Round "5"]
[White "Sbarra, Marco"]
[Black "Capitelli, Paolo"]
[Result "1/2-1/2"]
[WhiteElo "2207"]
[BlackElo "2128"]
[PlyCount "131"]
[EventDate "2003.08.21"]

1.d4 Nf6 2.c4 g6 3.Nc3 Bg7 4.e4 d6 5.Nf3 O-O 6.Be2 e5 7.d5 a5 8.Bg5 h6 9.
Bh4 Na6 10.Nd2 Qe8 11.O-O Nh7 12.f3 Bd7 13.Rb1 h5 14.Nb3 b6 15.Nc1 Nc5 16.
Nd3 Nxd3 17.Bxd3 Bh6 18.Bc2 Be3+ 19.Kh1 f5 20.exf5 gxf5 21.Qd3 Bh6 22.Rbe1
Qg6 23.Ne2 Rae8 24.Ng3 Kh8 25.Bd1 Bf4 26.Ne2 Bg5 27.Bxg5 Qxg5 28.f4 e4 29.
Qh3 Qg4 30.Qc3+ Qg7 31.Qxg7+ Kxg7 32.Nc3 Nf6 33.Kg1 Kh6 34.Ba4 Bxa4 35.
Nxa4 b5 36.cxb5 Nxd5 37.Nc3 Nb4 38.a3 Nd3 39.Re2 Rf7 40.Nd5 Rb8 41.a4 Kg6 
42.Rc2 Nc5 43.Ra1 Rd7 44.b4 axb4 45.Nxb4 Ra8 46.Nd5 Ra7 47.a5 Kf7 48.a6 
Ke6 49.Nxc7+ Raxc7 50.b6 Nxa6 51.bxc7 Nxc7 52.Ra7 Nd5 53.Rxd7 Kxd7 54.g3 
Nf6 55.Ra2 d5 56.Ra7+ Ke6 57.Ra6+ Ke7 58.Kf2 Ng4+ 59.Ke2 Nxh2 60.Ke3 Nf3 
61.Rh6 d4+ 62.Kf2 Nh2 63.Rxh5 Ng4+ 64.Ke2 Ke6 65.Rh8 Nf6 66.Rh6 1/2-1/2

[Event "XXIII Festival Conca della Presolana A"]
[Site "Bratto - Castione della Presolana ITA"]
[Date "2003.08.25"]
[Round "5"]
[White "Scacco, Mauro"]
[Black "Contini, Gabriele"]
[Result "1/2-1/2"]
[WhiteElo "2090"]
[BlackElo "1969"]
[PlyCount "104"]
[EventDate "2003.08.21"]

1.e4 d5 2.exd5 Nf6 3.Nc3 Nxd5 4.Nxd5 Qxd5 5.d4 Nc6 6.Be3 e5 7.dxe5 Qxd1+ 
8.Rxd1 Nxe5 9.Be2 Bd6 10.Nh3 O-O 11.O-O Ng4 12.Bf4 Ne5 13.Bg3 Bxh3 14.gxh3
f5 15.f4 Nf7 16.h4 Rad8 17.Kg2 Kh8 18.Bf3 b6 19.Rd5 g6 20.Rfd1 Be7 21.h5 
Rxd5 22.Rxd5 Rd8 23.Be1 Bf6 24.b4 Kg7 25.hxg6 hxg6 26.a4 Rxd5 27.Bxd5 Kf8 
28.Bd2 Ke7 29.Kf3 Nd8 30.b5 Ne6 31.Ke2 Bd4 32.Kd3 Bc5 33.h3 Bd6 34.Bxe6 
Kxe6 35.Be3 Kd7 36.c4 c5 37.Ke2 Ke6 38.Kf3 Be7 39.Bf2 Kf7 40.Be1 Kg7 41.a5
Kh6 42.Bc3 Bd8 43.a6 Kh5 44.Be5 Kh4 45.Kg2 Kh5 46.Bb8 Kh4 47.Kh2 Kh5 48.
Bd6 Kh4 49.Bf8 Kh5 50.Bg7 Kh4 51.Be5 Kh5 52.Kg2 Kh4 1/2-1/2

[Event "XXIII Festival Conca della Presolana A"]
[Site "Bratto - Castione della Presolana ITA"]
[Date "2003.08.25"]
[Round "5"]
[White "Scotti, Umberto"]
[Black "Bresciani, Nicola"]
[Result "1-0"]
[WhiteElo "2135"]
[BlackElo "2285"]
[PlyCount "93"]
[EventDate "2003.08.21"]

1.d4 Nf6 2.Nf3 e6 3.Bf4 b6 4.e3 Bb7 5.Bd3 Be7 6.h3 d6 7.O-O Nbd7 8.Nbd2 
Nh5 9.Bh2 g6 10.Qe2 a6 11.Be4 c6 12.c4 O-O 13.Rac1 Re8 14.Rfd1 Bf8 15.a3 
Qe7 16.b4 e5 17.dxe5 dxe5 18.c5 f5 19.Bb1 b5 20.Ba2+ Kh8 21.Nb3 Bg7 22.Na5
Ra7 23.Ng5 Rf8 24.Ne6 Rf6 25.Nxg7 Kxg7 26.Rxd7 Qxd7 27.Bxe5 Bc8 28.Rd1 Qe8
29.Qb2 Rd7 30.Rd4 Rxd4 31.Qxd4 Be6 32.Bxe6 Qxe6 33.Nb7 Kh6 34.Nd8 Qe7 35.
Bxf6 Nxf6 36.Nxc6 Qe6 37.Ne5 Qb3 38.Ng4+ Nxg4 39.hxg4 Qxa3 40.gxf5 Qc1+ 
41.Kh2 Qe1 42.Qf4+ g5 43.Qd6+ Kh5 44.Qg3 g4 45.f3 Qxg3+ 46.Kxg3 gxf3 47.
gxf3 1-0

[Event "XXIII Festival Conca della Presolana A"]
[Site "Bratto - Castione della Presolana ITA"]
[Date "2003.08.25"]
[Round "5"]
[White "Sedina, Elena"]
[Black "Tatai, Stefano"]
[Result "1/2-1/2"]
[WhiteElo "2390"]
[BlackElo "2343"]
[PlyCount "28"]
[EventDate "2003.08.21"]

1.e4 e5 2.Nf3 Nc6 3.Nc3 Nf6 4.g3 d5 5.exd5 Nxd5 6.Bg2 Nxc3 7.bxc3 Bd6 8.
O-O O-O 9.Rb1 Rb8 10.d4 h6 11.Nh4 Bd7 12.f4 exf4 13.Bxf4 Bxf4 14.Rxf4 Ne7 
1/2-1/2

[Event "XXIII Festival Conca della Presolana A"]
[Site "Bratto - Castione della Presolana ITA"]
[Date "2003.08.25"]
[Round "5"]
[White "Temi, Walter"]
[Black "De Santis, Alessio"]
[Result "0-1"]
[WhiteElo "2064"]
[BlackElo "2289"]
[PlyCount "66"]
[EventDate "2003.08.21"]

1.e4 c5 2.Nf3 e6 3.c3 b6 4.d4 Bb7 5.Bd3 d6 6.O-O Nd7 7.Re1 Ngf6 8.d5 e5 9.
a4 a6 10.Qe2 Be7 11.Nbd2 Qc7 12.Nf1 h6 13.Ng3 g6 14.Bd2 h5 15.Bg5 Nf8 16.
b4 N8h7 17.Bc1 Nd7 18.h3 Bc8 19.Nf1 Qd8 20.Ne3 Ng5 21.Nxg5 Bxg5 22.Nc4 Be7
23.Rb1 b5 24.axb5 axb5 25.Nd2 c4 26.Bc2 Ra2 27.Nf3 g5 28.Nh2 Nf8 29.f3 g4 
30.fxg4 hxg4 31.Be3 Bg5 32.Ra1 Bxe3+ 33.Qxe3 Rxc2 0-1

[Event "XXIII Festival Conca della Presolana A"]
[Site "Bratto - Castione della Presolana ITA"]
[Date "2003.08.25"]
[Round "5"]
[White "Tirrito, Luca"]
[Black "Osuna Munoz, Xavier"]
[Result "0-1"]
[WhiteElo "2036"]
[BlackElo "2097"]
[PlyCount "56"]
[EventDate "2003.08.21"]

1.e4 c5 2.Na3 Nc6 3.Bb5 Qc7 4.c3 a6 5.Be2 Nf6 6.d3 d5 7.exd5 Nxd5 8.Nf3 e6
9.O-O Nf4 10.Be3 Be7 11.Rc1 O-O 12.Qd2 Nxe2+ 13.Qxe2 e5 14.Nc2 Bg4 15.h3 
Bh5 16.g4 Bg6 17.Bg5 Bxg5 18.Nxg5 h6 19.Ne4 f5 20.Nxc5 Qe7 21.d4 fxg4 22.
hxg4 Rf4 23.Ne3 exd4 24.cxd4 Nxd4 25.Qc4+ Bf7 26.Qd3 Nf3+ 27.Kg2 Qh4 28.
Rh1 Ne1+ 0-1

[Event "XXIII Festival Conca della Presolana A"]
[Site "Bratto - Castione della Presolana ITA"]
[Date "2003.08.25"]
[Round "5"]
[White "Vigile, Matteo"]
[Black "Battaggia, Piergiorgio"]
[Result "1/2-1/2"]
[WhiteElo "2080"]
[BlackElo "2110"]
[PlyCount "69"]
[EventDate "2003.08.21"]

1.e4 c5 2.c3 Nf6 3.e5 Nd5 4.d4 cxd4 5.cxd4 d6 6.Bc4 Nb6 7.Bb5+ Nc6 8.d5 a6
9.Bxc6+ bxc6 10.dxc6 e6 11.Nf3 Qc7 12.Bf4 Nd5 13.exd6 Qxc6 14.Ne5 Qb7 15.
Qa4+ Bd7 16.Qxd7+ Qxd7 17.Nxd7 Kxd7 18.Bg3 Bxd6 19.Bxd6 Kxd6 20.Nd2 Rhc8 
21.b3 Nb6 22.O-O Rc2 23.Rfd1 Ke7 24.a4 a5 25.Nf3 Rc3 26.Rdb1 Nd5 27.Nd4 
Rac8 28.g3 Nb4 29.Nb5 Rc2 30.Na3 R2c5 31.Nc4 Nc2 32.Ra2 Nd4 33.Kg2 Rb8 34.
Nd2 f5 35.Rab2 1/2-1/2

[Event "XXIII Festival Conca della Presolana A"]
[Site "Bratto - Castione della Presolana ITA"]
[Date "2003.08.25"]
[Round "5"]
[White "Vinzoni, Andrea"]
[Black "Guidi, Maurizio"]
[Result "1-0"]
[WhiteElo "2100"]
[BlackElo "1936"]
[PlyCount "81"]
[EventDate "2003.08.21"]

1.d4 Nf6 2.c4 g6 3.Nc3 Bg7 4.e4 d6 5.Nf3 O-O 6.Be2 e5 7.O-O Nc6 8.d5 Ne7 
9.Ne1 Nd7 10.f3 f5 11.g4 a5 12.Bd2 Nc5 13.b3 fxg4 14.fxg4 Rxf1+ 15.Bxf1 h6
16.g5 h5 17.Nd3 Nxd3 18.Bxd3 c6 19.Be3 cxd5 20.cxd5 Bg4 21.Qe1 Nc8 22.Qf2 
Qf8 23.Rc1 Qxf2+ 24.Bxf2 Bf8 25.Nb5 Be7 26.h4 Bd8 27.Nc7 Rb8 28.Ne6 Bxe6 
29.dxe6 Kf8 30.Bc4 Nb6 31.Bd5 Nxd5 32.exd5 b5 33.Rc6 Ke7 34.a3 a4 35.b4 
Rb7 36.Kg2 Rb8 37.Kf3 Rb7 38.Ke4 Rc7 39.Bb6 Rxc6 40.Bxd8+ Ke8 41.dxc6 1-0

[Event "XXIII Festival Conca della Presolana A"]
[Site "Bratto - Castione della Presolana ITA"]
[Date "2003.08.25"]
[Round "5"]
[White "Zanellato, Lorenzo"]
[Black "Capone, Vincenzo"]
[Result "1/2-1/2"]
[WhiteElo "2055"]
[BlackElo "2133"]
[PlyCount "111"]
[EventDate "2003.08.21"]

1.Nf3 Nf6 2.c4 g6 3.Nc3 Bg7 4.e4 d6 5.d4 O-O 6.Be2 e5 7.O-O Nc6 8.d5 Ne7 
9.b4 Nh5 10.Re1 Nf4 11.Bf1 a5 12.bxa5 Rxa5 13.Nd2 c5 14.a4 f5 15.g3 Nh5 
16.exf5 Nxf5 17.Nb3 Ra8 18.Ne4 h6 19.Bg2 Nf6 20.Bb2 Nxe4 21.Bxe4 Bd7 22.a5
b5 23.axb6 Qxb6 24.Bc3 Rxa1 25.Nxa1 Nd4 26.Bxd4 cxd4 27.Qd3 Bf5 28.Rb1 Qa6
29.f3 Bxe4 30.Qxe4 Qxc4 31.Nc2 Qc3 32.Ne1 Kh7 33.Rb7 Qc8 34.Re7 Qf5 35.Re6
Rf6 36.Re8 Rf8 37.Re6 Rf6 38.Re8 Qd7 39.Ra8 Qb7 40.Ra1 Qb2 41.Rb1 Qd2 42.
Rb7 Qg5 43.Nd3 Qf5 44.Kg2 Qc8 45.Rb2 Rf7 46.h4 Bf6 47.h5 Qf5 48.hxg6+ Qxg6
49.Nf2 Rg7 50.Rb6 Be7 51.Rb7 Qxe4 52.Nxe4 Kg8 53.Kf2 Rf7 54.Rd7 Bf8 55.
Rxf7 Kxf7 56.Ke2 1/2-1/2

[Event "XXIII Festival Conca della Presolana A"]
[Site "Bratto - Castione della Presolana ITA"]
[Date "2003.08.26"]
[Round "6"]
[White "Affinito, Pancrazio"]
[Black "Paoli, Enrico"]
[Result "1-0"]
[WhiteElo "2080"]
[BlackElo "1950"]
[PlyCount "81"]
[EventDate "2003.08.21"]

1.d4 g6 2.Nf3 Bg7 3.Bf4 Nf6 4.h3 O-O 5.c4 c6 6.Nc3 d5 7.e3 dxc4 8.Bxc4 b5 
9.Bd3 b4 10.Ne4 Nd5 11.Bh2 Nd7 12.Qc2 Bb7 13.O-O Rc8 14.Rfc1 Qb6 15.Nc5 
Nxc5 16.Qxc5 Rfd8 17.Be2 e6 18.Bd6 Rd7 19.Ne5 Bxe5 20.Bxe5 Qxc5 21.Rxc5 f6
22.Bg3 Kf7 23.Rac1 Ke7 24.Ra5 Ba8 25.Rcc5 h6 26.Ra6 f5 27.Be5 Kf7 28.Rca5 
Bb7 29.Rxa7 Nb6 30.Bd6 Rxd6 31.Rxb7+ Nd7 32.Raa7 Ke7 33.Rxb4 c5 34.Rbb7 
cxd4 35.Bb5 dxe3 36.Rxd7+ Rxd7 37.Rxd7+ Kf6 38.fxe3 Rc2 39.Rd6 Ke5 40.Rc6 
Rxb2 41.Bc4 1-0

[Event "XXIII Festival Conca della Presolana A"]
[Site "Bratto - Castione della Presolana ITA"]
[Date "2003.08.26"]
[Round "6"]
[White "Agnelli, Francesco"]
[Black "Cardelli, Gabriele"]
[Result "1/2-1/2"]
[WhiteElo "2102"]
[BlackElo "1927"]
[PlyCount "100"]
[EventDate "2003.08.21"]

1.e4 d5 2.exd5 Nf6 3.d4 Nxd5 4.Nf3 Bg4 5.Be2 g6 6.O-O Bg7 7.c4 Nb6 8.Nc3 
c6 9.Be3 Bxf3 10.gxf3 O-O 11.f4 N8d7 12.a4 a5 13.Ne4 Qc7 14.Qb3 Nc8 15.
Rfd1 Nd6 16.Ng3 Nf6 17.Bf3 e6 18.Rac1 Qb8 19.d5 exd5 20.cxd5 cxd5 21.Bxd5 
Nxd5 22.Rxd5 Ra6 23.Rcd1 Nf5 24.Nxf5 gxf5 25.Rxf5 Rg6+ 26.Rg5 Rxg5+ 27.
fxg5 Qc8 28.f3 Qc6 29.Kg2 Re8 30.Kf2 Qc8 31.Qb5 Qe6 32.Rd3 Rc8 33.Kg3 h6 
34.h4 hxg5 35.hxg5 Qe5+ 36.Qxe5 Bxe5+ 37.f4 Bxb2 38.Rb3 Rc3 39.Rxb2 Rxe3+ 
40.Kg4 Re4 41.Rxb7 Rxa4 42.Ra7 Kg7 43.Kf5 Kf8 44.Ke5 Kg8 45.f5 Rb4 46.Rxa5
Rb8 47.Ra7 Rb5+ 48.Kf6 Rb6+ 49.Ke7 Kg7 50.g6 fxg6 1/2-1/2

[Event "XXIII Festival Conca della Presolana A"]
[Site "Bratto - Castione della Presolana ITA"]
[Date "2003.08.26"]
[Round "6"]
[White "Astengo, Corrado"]
[Black "Pegoraro, Nicola"]
[Result "1-0"]
[WhiteElo "2170"]
[BlackElo "2061"]
[PlyCount "89"]
[EventDate "2003.08.21"]

1.e4 c5 2.Nf3 d6 3.d4 cxd4 4.Nxd4 Nf6 5.Nc3 a6 6.Bg5 e6 7.f4 Qb6 8.Nb3 Be7
9.Qf3 Nbd7 10.O-O-O Qc7 11.Bd3 b5 12.Rhe1 Bb7 13.a3 O-O-O 14.Kb1 Rhe8 15.
Qg3 h6 16.Bxf6 Bxf6 17.Bxb5 Bxc3 18.Bxd7+ Rxd7 19.Qxc3 Qxc3 20.bxc3 d5 21.
Nc5 Rc7 22.Nxb7 Rxb7+ 23.Kc1 dxe4 24.Rxe4 Rc7 25.Rd3 Rc5 26.Kb2 Re7 27.c4 
Kc7 28.Kc3 f5 29.Re5 Rxe5 30.fxe5 g5 31.Rd6 Kb7 32.Kd4 h5 33.g3 h4 34.gxh4
gxh4 35.Ke3 Rc7 36.Kd4 Re7 37.h3 Ka7 38.Rd8 Rf7 39.Ke3 Rc7 40.Rd4 Rg7 41.
Rxh4 Rg3+ 42.Kf4 Rxa3 43.Rh6 Rc3 44.Rxe6 Rxh3 45.Rd6 1-0

[Event "XXIII Festival Conca della Presolana A"]
[Site "Bratto - Castione della Presolana ITA"]
[Date "2003.08.26"]
[Round "6"]
[White "Battaggia, Piergiorgio"]
[Black "Bottino, Alexiei"]
[Result "1/2-1/2"]
[WhiteElo "2110"]
[BlackElo "2071"]
[PlyCount "33"]
[EventDate "2003.08.21"]

1.d4 Nf6 2.Nf3 g6 3.Nc3 d5 4.Bf4 Bg7 5.e3 O-O 6.Be2 Bf5 7.Ne5 c6 8.Qd2 
Nbd7 9.O-O Ne4 10.Nxe4 Bxe4 11.Nxd7 Qxd7 12.g4 f6 13.f3 g5 14.fxe4 gxf4 
15.Rxf4 Bh6 16.Rf5 dxe4 17.Rh5 1/2-1/2